[Event "Open Vitrolles 2019-2020"]
[Site "Vitrolles"]
[Date "2020.01.11"]
[Round "5.2"]
[White "Mezadourian, Nicolas"]
[Black "Chauvet, Joelle"]
[Result "1-0"]
[WhiteElo "1485"]
[BlackElo "1363"]
[PlyCount "131"]

1. d4 d5 2. c4 e6 3. Nc3 Nf6 4. cxd5 Nxd5 5. e4 Nb4 6. Nf3 Be7 7. Be3 O-O 8. a3
N4a6 9. b4 c6 10. Bd3 Nd7 11. e5 f6 12. O-O b6 13. b5 cxb5 14. Nxb5 Bb7 15. Nd6
Bd5 16. Bxa6 Nb8 17. Bc4 Bxc4 18. Nxc4 Qd5 19. Nd6 Nd7 20. Rc1 Qa5 21. Qb3 Qd5
22. Qxd5 exd5 23. Rc7 Rfd8 24. Rfc1 Bxd6 25. exd6 Nf8 26. Re7 Rxd6 27. Rcc7 Ne6
28. Rxa7 Rxa7 29. Rxa7 Rc6 30. Ra6 Nc7 31. Ra7 Nb5 32. Ra8+ Kf7 33. g3 Rc3 34.
a4 Na3 35. Ra7+ Ke6 36. Rxg7 Nc4 37. Rxh7 Ra3 38. Ra7 b5 39. a5 b4 40. Rb7 b3
41. Nd2 Ra1+ 42. Kg2 b2 43. Nxc4 b1=Q 44. Rxb1 Rxb1 45. Nd2 Rb5 46. h4 Rxa5 47.
Kf3 Ra8 48. Kf4 Rg8 49. Nb3 f5 50. Nc5+ Kf6 51. Nd7+ Ke7 52. Kxf5 Kxd7 53. h5
Ke7 54. h6 Kf7 55. Ke5 Rd8 56. Bg5 Rd7 57. g4 Rb7 58. f4 Rb5 59. Kf5 Kg8 60.
Bf6 Kh7 61. g5 Rb1 62. Bg7 Rg1 63. Ke5 Rf1 64. Kf5 Rg1 65. Be5 Rg2 66. Ke6 1-0

[Event "Open Vitrolles 2019-2020"]
[Site "Vitrolles"]
[Date "2020.01.11"]
[Round "5.3"]
[White "Chabaud, Philippe"]
[Black "Maccagno, Gilbert"]
[Result "1/2-1/2"]
[WhiteElo "1469"]
[BlackElo "1359"]
[PlyCount "96"]

1. d4 Nf6 2. Bf4 d6 3. e3 g6 4. Nf3 Bg7 5. Be2 Nbd7 6. Nbd2 a6 7. h3 O-O 8. O-O
b6 9. Rc1 Bb7 10. c4 c5 11. d5 a5 12. a4 Bc8 13. Ng5 h6 14. Nge4 Nxe4 15. Nxe4
Nf6 16. Nxf6+ exf6 17. Qc2 Bf5 18. e4 Bc8 19. Rfe1 Ra7 20. Qd2 Kh7 21. Bd3 Re8
22. Re2 Rae7 23. Rce1 Qd7 24. b3 Qd8 25. Re3 Re5 26. Rf3 Qe7 27. g4 Rf8 28. Rg3
g5 29. Bxe5 fxe5 30. Qe2 f6 31. f3 Bd7 32. Qh2 Be8 33. h4 Bg6 34. hxg5 fxg5 35.
Rh3 Rf4 36. Kg2 Qf8 37. Re2 Be8 38. Rf2 Bd7 39. Rh5 Qf6 40. Qg3 Be8 41. Rh1 Qf8
42. Kf1 Qf6 43. Ke2 Qf8 44. Rfh2 Bd7 45. Ke3 Be8 46. Rh5 Bxh5 47. Rxh5 Qf6 48.
Be2 Qe7 1/2-1/2

[Event "Open Vitrolles 2019-2020"]
[Site "Vitrolles"]
[Date "2020.01.11"]
[Round "5.4"]
[White "Frailinu, Jean-Bernard"]
[Black "Briquet, Xavier"]
[Result "0-1"]
[WhiteElo "1389"]
[BlackElo "1384"]
[PlyCount "64"]
[EventDate "1.??.??"]

1. c4 e5 2. g3 Nf6 3. Bg2 Nc6 4. Nc3 Be7 5. e3 d6 6. Nge2 O-O 7. a3 Be6 8. d3
d5 9. cxd5 Nxd5 10. O-O f5 11. e4 Nxc3 12. bxc3 Bc5 13. Be3 Bxe3 14. fxe3 Qg5
15. Qd2 Rad8 16. Rad1 Bb3 17. Rb1 Na5 18. Rxf5 Rxf5 19. exf5 Qxf5 20. e4 Qf8
21. Nc1 Be6 22. Qb2 c5 23. Qe2 b6 24. Rb2 c4 25. Rd2 cxd3 26. Nxd3 Bc4 27. Bf1
Qxa3 28. Qf2 Rf8 29. Qg2 Qxc3 30. Rc2 Qd4+ 31. Nf2 Bxf1 32. Kxf1 Qd1# 0-1

[Event "Open Vitrolles 2019-2020"]
[Site "Vitrolles"]
[Date "2020.01.11"]
[Round "5.5"]
[White "Delporte, Clement"]
[Black "Guisset, Andre"]
[Result "1-0"]
[WhiteElo "1326"]
[BlackElo "1447"]
[PlyCount "135"]

1. e4 c6 2. d4 d5 3. f3 e6 4. Nc3 Bb4 5. Bf4 Ne7 6. Qd3 Ng6 7. Bg3 b6 8. Nge2
Ba6 9. Qe3 Nd7 10. h4 O-O 11. h5 Ne7 12. a3 Bxc3+ 13. Qxc3 Rc8 14. h6 g6 15.
Bd6 Re8 16. g4 g5 17. Ng3 Bxf1 18. Rxf1 Nf6 19. Be5 Ng6 20. Bxf6 Qxf6 21. Nh5
Qe7 22. e5 Red8 23. Nf6+ Kh8 24. Qd3 c5 25. c3 cxd4 26. cxd4 Qc7 27. Kd2 Qc4
28. Rh1 Rc6 29. Rac1 Qxd3+ 30. Kxd3 Rdc8 31. Rxc6 Rxc6 32. Nh5 b5 33. Rf1 Kg8
34. Nf6+ Kh8 35. Nh5 a5 36. f4 Nxf4+ 37. Nxf4 gxf4 38. Rxf4 Kg8 39. g5 Rc1 40.
Rf2 Rg1 41. Rc2 Kf8 42. Rc8+ Ke7 43. Rh8 Rxg5 44. Rxh7 Rh5 45. Rh8 f5 46. exf6+
Kxf6 47. Rb8 b4 48. axb4 axb4 49. Rxb4 Rh3+ 50. Kd2 Rxh6 51. Rb6 Kf5 52. b4
Rh2+ 53. Ke3 Rb2 54. b5 Rb3+ 55. Kd2 e5 56. dxe5 Kxe5 57. Rb8 Kd4 58. b6 Kc5
59. Rc8+ Kd4 60. Rb8 Rb2+ 61. Kc1 Rb5 62. b7 Kd3 63. Rd8 d4 64. b8=Q Rxb8 65.
Rxb8 Ke3 66. Re8+ Kd3 67. Kd1 Kc3 68. Ke2 1-0

[Event "Open Vitrolles 2019-2020"]
[Site "Vitrolles"]
[Date "2020.01.11"]
[Round "5.6"]
[White "Corrias, Robert"]
[Black "Bregier, Gerard"]
[Result "1-0"]
[WhiteElo "1514"]
[BlackElo "1403"]
[PlyCount "53"]

1. g3 c6 2. Bg2 d5 3. Nf3 Nf6 4. O-O Bf5 5. b3 e6 6. Bb2 Nbd7 7. d3 Bd6 8. Nbd2
O-O 9. c4 Qc7 10. Rc1 Qa5 11. cxd5 cxd5 12. a4 Rac8 13. Rb1 Bb4 14. e4 Bg4 15.
Bc1 Nc5 16. Qe2 dxe4 17. dxe4 Rfd8 18. Nc4 Qa6 19. Bg5 Ncxe4 20. Bxf6 Nxf6 21.
Rfd1 Nd5 22. Qf1 Nc3 23. Rxd8+ Rxd8 24. Ra1 Ne4 25. Rd1 Be7 26. Rxd8+ Bxd8 27.
Qd3 1-0

[Event "Open Vitrolles 2019-2020"]
[Site "Vitrolles"]
[Date "2020.01.11"]
[Round "5.7"]
[White "Porte, Jacques"]
[Black "Estevez, Ange"]
[Result "0-1"]
[WhiteElo "1217"]
[BlackElo "1456"]
[PlyCount "100"]

1. d4 e5 2. dxe5 Nc6 3. Nf3 h6 4. e4 g5 5. e6 dxe6 6. Nc3 Qxd1+ 7. Nxd1 Bg7 8.
Bb5 Nge7 9. O-O Bd7 10. c3 O-O-O 11. Be3 g4 12. Nd2 Ne5 13. Bxd7+ Rxd7 14. Rb1
h5 15. f4 gxf3 16. Nxf3 Nxf3+ 17. Rxf3 f6 18. c4 Nc6 19. Rg3 h4 20. Rf3 Ne5 21.
Rf2 Nxc4 22. Re2 Nxe3 23. Nxe3 Rhd8 24. Kf2 f5 25. exf5 exf5 26. Nxf5 Rf7 27.
Kf3 Rxf5+ 28. Kg4 Rdf8 29. Kxh4 Bf6+ 30. Kh3 Rh8+ 31. Kg4 Rg5+ 32. Kf3 Rf8 33.
g3 Be5+ 34. Kg2 Bd6 35. Rbe1 b6 36. Re8+ Rxe8 37. Rxe8+ Kd7 38. Re3 Re5 39.
Rxe5 Bxe5 40. b3 c5 41. g4 Ke6 42. h4 b5 43. Kf3 c4 44. Ke4 c3 45. Kd3 b4 46.
Kc2 Bg3 47. h5 Bf4 48. a3 a5 49. a4 Kd5 50. Kd3 Ke5 0-1

[Event "Open Vitrolles 2019-2020"]
[Site "Vitrolles"]
[Date "2020.01.11"]
[Round "5.8"]
[White "Biard, Noah"]
[Black "Cens, Alain"]
[Result "1-0"]
[WhiteElo "1250"]
[BlackElo "1423"]
[PlyCount "45"]

1. e4 c5 2. Nf3 d6 3. d4 cxd4 4. Nxd4 Nf6 5. Nc3 g6 6. Be3 Bg7 7. f3 O-O 8. Bc4
Nc6 9. Qd2 Nd7 10. O-O-O Nb6 11. Bb3 Na5 12. Kb1 Nbc4 13. Qd3 Nxe3 14. Qxe3
Nxb3 15. Nxb3 a5 16. a4 Bd7 17. Qd3 Bxc3 18. Qxc3 Bxa4 19. Nc5 Rc8 20. h4 Rxc5
21. Qxc5 b6 22. Qd4 Qc7 23. Qxa4 1-0

[Event "Open Vitrolles 2019-2020"]
[Site "Vitrolles"]
[Date "2020.01.11"]
[Round "5.9"]
[White "Hamm, Gabrielle"]
[Black "Hamm, Rodrigue"]
[Result "1-0"]
[WhiteElo "1232"]
[BlackElo "1050"]
[PlyCount "59"]

1. e4 c5 2. Nf3 e6 3. d4 cxd4 4. Nxd4 Nc6 5. c4 g6 6. Nc3 Bg7 7. Be3 Nf6 8. Be2
O-O 9. O-O a6 10. a3 d5 11. cxd5 exd5 12. Bf3 dxe4 13. Nxc6 Qxd1 14. Rfxd1 exf3
15. Ne7+ Kh8 16. gxf3 Be6 17. Ned5 Nxd5 18. Nxd5 Bxb2 19. Rab1 Bxa3 20. Bd4+
Kg8 21. Nf6+ Kh8 22. Nd7+ Kg8 23. Nxf8 Kxf8 24. Rxb7 Bd5 25. Bc5+ Bxc5 26. Rxd5
Be7 27. Rdd7 Bc5 28. Rxf7+ Ke8 29. Rxh7 Bf8 30. Ra7 1-0

[Event "Open Vitrolles 2019-2020"]
[Site "Vitrolles"]
[Date "2020.01.11"]
[Round "5.10"]
[White "Midoux, Malicia"]
[Black "Misene, Milan"]
[Result "1/2-1/2"]
[WhiteElo "1109"]
[BlackElo "1264"]
[PlyCount "76"]

1. d4 d5 2. Bf4 c5 3. c3 cxd4 4. cxd4 Nc6 5. Nf3 Nf6 6. e3 Bg4 7. Be2 e6 8. O-O
Bxf3 9. Bxf3 Bd6 10. Bg3 O-O 11. Nc3 a6 12. Rc1 Re8 13. e4 Bxg3 14. hxg3 dxe4
15. Nxe4 Nxe4 16. Bxe4 Qxd4 17. Qxd4 Nxd4 18. Rc7 Rad8 19. Bxb7 a5 20. Bc6 Nxc6
21. Rxc6 Rd2 22. Rc5 a4 23. Ra5 Rxb2 24. Rxa4 g6 25. Ra7 Rd8 26. a4 Ra2 27. Rc1
Rd4 28. Rcc7 Raxa4 29. Rab7 Rd5 30. f3 Rf5 31. Kh2 Rh5+ 32. Kg1 Rf5 33. g4 Rff4
34. Kf2 e5 35. Kg3 g5 36. Re7 e4 37. Rb3 exf3 38. gxf3 Ra1 1/2-1/2

[Event "Open Vitrolles 2019-2020"]
[Site "Vitrolles"]
[Date "2020.01.11"]
[Round "5.11"]
[White "Piquemal, Jean Christophe"]
[Black "Cortes-Sobral, Maria"]
[Result "1-0"]
[WhiteElo "1146"]
[BlackElo "1010"]
[PlyCount "141"]

1. d4 h6 2. c4 e6 3. Nc3 Nf6 4. Nf3 c6 5. e4 Be7 6. Be2 d6 7. O-O O-O 8. d5 c5
9. Re1 Bd7 10. Qb3 Na6 11. a3 b6 12. Bd3 e5 13. Nh4 Nh7 14. Nf5 Bg5 15. Nxd6
Bxc1 16. Raxc1 Qg5 17. Ne2 Nc7 18. Ng3 Rab8 19. Nb5 Nxb5 20. cxb5 Rfc8 21. Bc4
Ra8 22. d6 Qf4 23. Nh5 Qg5 24. Bxf7+ Kf8 25. Ng3 Bg4 26. Be6 Re8 27. Bxg4 Qxg4
28. Rcd1 Rad8 29. Qf3+ Qxf3 30. gxf3 Nf6 31. Nf5 Nd7 32. Kh1 Re6 33. Rg1 g6 34.
Nxh6 Kg7 35. Ng4 Rh8 36. Ne3 Rh3 37. Rg3 Rh5 38. Nf5+ Kf6 39. Ne7 Rg5 40. Nd5+
Kg7 41. Rxg5 Rxd6 42. Rdg1 Nf8 43. Rxe5 Kh6 44. h4 Ne6 45. Reg5 Nf8 46. f4 c4
47. f5 gxf5 48. Rxf5 Ng6 49. Rf6 Rxf6 50. Nxf6 Nxh4 51. Ng4+ Kh5 52. Ne3 Nf3
53. Rg7 Kh6 54. Rxa7 Ne5 55. Ra6 Kg5 56. Rxb6 Nd3 57. Nxc4 Nxf2+ 58. Kg2 Nxe4
59. b4 Kf4 60. Rb8 Nc3 61. b6 Ke4 62. b7 Nd5 63. Re8+ Kd4 64. b8=Q Kxc4 65.
Qc8+ Kd4 66. Rd8 Ke5 67. Qc5 Ke6 68. Qxd5+ Ke7 69. Qd6+ Kf7 70. Rd7+ Ke8 71.
Qe7# 1-0

[Event "Open Vitrolles 2019-2020"]
[Site "Vitrolles"]
[Date "2020.01.11"]
[Round "5.12"]
[White "Mars, Florence"]
[Black "Rannou, Danielle"]
[Result "1-0"]
[WhiteElo "1247"]
[BlackElo "1199"]
[PlyCount "87"]

1. e4 e5 2. Nf3 Nc6 3. d4 exd4 4. Nxd4 Qf6 5. Be3 Nxd4 6. Qxd4 Qxd4 7. Bxd4 d6
8. c4 Bd7 9. b4 a6 10. Bd3 O-O-O 11. O-O f6 12. a4 Ne7 13. b5 c5 14. Be3 a5 15.
Nc3 b6 16. Nd5 Kb7 17. f4 Re8 18. Rae1 Nc8 19. Bd2 Be7 20. Bc3 Rhf8 21. h3 g6
22. Kh2 f5 23. e5 Be6 24. g3 h6 25. Be2 g5 26. Nxe7 Rxe7 27. Bf3+ Kc7 28. Bd5
Bf7 29. exd6+ Kxd6 30. Be5+ Kd7 31. Bc6+ Kd8 32. Rd1+ Nd6 33. Rxd6+ Kc8 34. Bd5
Bxd5 35. cxd5 Kb7 36. Rxh6 Rd7 37. d6 gxf4 38. gxf4 Rc8 39. Rg1 c4 40. Rg7 Rxg7
41. Bxg7 c3 42. d7 c2 43. dxc8=Q+ Kxc8 44. Rc6+ 1-0

[Event "Open Vitrolles 2019-2020"]
[Site "Vitrolles"]
[Date "2020.01.25"]
[Round "6.1"]
[White "Mezadourian, Nicolas"]
[Black "Scamaroni, Jean-Paul"]
[Result "1/2-1/2"]
[WhiteElo "1485"]
[BlackElo "1478"]
[PlyCount "89"]

1. d4 c5 2. d5 Nf6 3. c4 b5 4. cxb5 a6 5. bxa6 Bxa6 6. Nc3 d6 7. Nf3 g6 8. g3
Bg7 9. Bg2 O-O 10. O-O Nbd7 11. Re1 Qb6 12. h3 Rfb8 13. e4 Ne8 14. Qc2 Ne5 15.
Nxe5 Bxe5 16. Rb1 Nc7 17. Be3 Qa5 18. Bd2 Nb5 19. Nxb5 Qxb5 20. Bf1 Qb6 21. Bc3
Bxf1 22. Kxf1 Qa6+ 23. Kg2 Bxc3 24. bxc3 Rxb1 25. Rxb1 Qxa2 26. Qxa2 Rxa2 27.
Rc1 h5 28. h4 Kg7 29. Kf3 f5 30. exf5 gxf5 31. Ke3 Kf6 32. c4 e5 33. dxe6 Kxe6
34. Re1 Kf6 35. Rc1 Ra3+ 36. Ke2 Ke5 37. Rc2 f4 38. gxf4+ Kxf4 39. Rd2 Ke5 40.
Rd5+ Ke6 41. Rxh5 Rc3 42. Rg5 Rxc4 43. h5 Rh4 44. Ke3 d5 45. f3 1/2-1/2

[Event "Open Vitrolles 2019-2020"]
[Site "Vitrolles"]
[Date "2020.01.25"]
[Round "6.2"]
[White "Thiers, Jean-Jacques"]
[Black "Delporte, Clement"]
[Result "1-0"]
[WhiteElo "1523"]
[BlackElo "1326"]
[PlyCount "57"]

1. e4 c5 2. Nf3 Nc6 3. d4 cxd4 4. Nxd4 g6 5. Be2 Bg7 6. c3 Nf6 7. Nd2 O-O 8.
O-O e5 9. Nxc6 bxc6 10. f3 d5 11. Kh1 Nh5 12. Nb3 f5 13. exf5 gxf5 14. f4 Nf6
15. fxe5 Ng4 16. Nd4 Bxe5 17. Bxg4 fxg4 18. Nxc6 Rxf1+ 19. Qxf1 Qf6 20. Qxf6
Bxf6 21. Be3 h5 22. Rf1 Bg7 23. Ne7+ Kh7 24. Nxd5 Bb7 25. Nf4 Rf8 26. Kg1 Bh6
27. g3 Ba6 28. Rd1 Bc8 29. Rd6 1-0

[Event "Open Vitrolles 2019-2020"]
[Site "Vitrolles"]
[Date "2020.01.25"]
[Round "6.3"]
[White "Chauvet, Joelle"]
[Black "Chabaud, Philippe"]
[Result "0-1"]
[WhiteElo "1363"]
[BlackElo "1469"]
[PlyCount "78"]

1. d4 Nf6 2. c4 g6 3. Nf3 Bg7 4. Nc3 O-O 5. e3 d6 6. Be2 Nbd7 7. O-O c5 8. Rb1
a6 9. b3 Rb8 10. Bb2 b6 11. Nd2 cxd4 12. exd4 Bb7 13. Bf3 Bxf3 14. Qxf3 b5 15.
cxb5 axb5 16. b4 Qb6 17. Nce4 Nxe4 18. Qxe4 e6 19. Nf3 Nf6 20. Qd3 Nd5 21. a3
Rfc8 22. Rbc1 Bh6 23. Rc2 Rc6 24. Bc1 Bxc1 25. Rfxc1 Rbc8 26. g3 Kg7 27. Qd2
Qa6 28. Kg2 Rxc2 29. Rxc2 Rxc2 30. Qxc2 Qxa3 31. Qc6 Qxb4 32. Qb7 h6 33. h4 Nf6
34. Nh2 Qb2 35. g4 Qe2 36. Qf3 Qc2 37. g5 hxg5 38. hxg5 Nh5 39. Ng4 Qd2 0-1

[Event "Open Vitrolles 2019-2020"]
[Site "Vitrolles"]
[Date "2020.01.25"]
[Round "6.4"]
[White "Maccagno, Gilbert"]
[Black "Briquet, Xavier"]
[Result "0-1"]
[WhiteElo "1359"]
[BlackElo "1384"]
[PlyCount "89"]

1. e4 e5 2. Nf3 Nc6 3. Bc4 Nf6 4. d4 exd4 5. e5 Ne4 6. O-O Be7 7. Re1 Nc5 8.
Nxd4 Nxd4 9. Qxd4 O-O 10. Bf4 Ne6 11. Bxe6 fxe6 12. Bg3 b6 13. c3 Bc5 14. Qd2
a5 15. b4 axb4 16. cxb4 Be7 17. a3 d6 18. Qd4 d5 19. Qg4 c5 20. b5 c4 21. a4 d4
22. Rd1 Bc5 23. Nc3 Qe7 24. Ne4 d3 25. Bh4 Qc7 26. Bg3 Rf5 27. Ra2 Bd7 28. Nf6+
Kh8 29. Nxd7 Qxd7 30. Qxc4 Rd8 31. Rad2 Qf7 32. Rxd3 Rxd3 33. Qxd3 h6 34. Rf1
Qa7 35. Qc4 Qd7 36. h3 Rg5 37. Qe4 Rxg3 38. Kh2 Rd3 39. Qa8+ Kh7 40. Qe4+ g6
41. Kg1 Rd4 42. Qc2 Qd5 43. Qe2 Rxa4 44. Rd1 Qb7 45. Qg4 0-1

[Event "Open Vitrolles 2019-2020"]
[Site "Vitrolles"]
[Date "2020.01.25"]
[Round "6.5"]
[White "Frailinu, Jean-Bernard"]
[Black "Corrias, Robert"]
[Result "1-0"]
[WhiteElo "1389"]
[BlackElo "1514"]
[PlyCount "89"]

1. d4 g6 2. c4 Bg7 3. Nc3 Nf6 4. Nf3 O-O 5. e3 b6 6. Be2 Bb7 7. O-O d6 8. b3
Nbd7 9. Bb2 c5 10. Re1 Ne4 11. Qc2 f5 12. d5 Ndf6 13. Bd3 Qd7 14. Nxe4 fxe4 15.
Bxe4 Qg4 16. Bd3 e6 17. e4 e5 18. h3 Qh5 19. Be2 g5 20. Nh2 Qg6 21. Bf3 h5 22.
g4 Kf7 23. Qe2 h4 24. Bc1 Nh7 25. Nf1 Rae8 26. Ne3 Bc8 27. Nf5 Kg8 28. Bd2 Qf6
29. a3 Rf7 30. b4 Bxf5 31. gxf5 Rc7 32. Bh5 Rec8 33. b5 Qe7 34. Kh2 Bf6 35. Rg1
Kh8 36. Rg2 Rg8 37. Rag1 Rg7 38. Bg6 Qd8 39. Qg4 Qe7 40. Bxh7 Kxh7 41. Qh5+ Kg8
42. Bxg5 Bxg5 43. Rxg5 Qf6 44. Rg6 Rxg6 45. Rxg6+ 1-0

[Event "Open Vitrolles 2019-2020"]
[Site "Vitrolles"]
[Date "2020.01.25"]
[Round "6.6"]
[White "Estevez, Ange"]
[Black "Hamm, Gabrielle"]
[Result "0-1"]
[WhiteElo "1456"]
[BlackElo "1232"]
[PlyCount "68"]

1. e4 c5 2. Nf3 d6 3. c4 Nf6 4. Nc3 Nbd7 5. d3 e5 6. Bd2 Be7 7. Be2 O-O 8. O-O
Nb6 9. h3 Ne8 10. g4 h5 11. Nh2 Kh7 12. Kh1 Rh8 13. Rg1 Bf8 14. Rg3 hxg4 15.
Bxg4 Kg8 16. Bxc8 Qxc8 17. Qg4 Nf6 18. Qxc8 Rxc8 19. Kg2 Be7 20. Nd5 Nbxd5 21.
cxd5 g6 22. Rc1 Kg7 23. b4 cxb4 24. Rxc8 Rxc8 25. Bxb4 Rc2 26. a3 Ra2 27. Nf3
a5 28. Bxa5 Rxa3 29. Bd2 Rxd3 30. Be3 Nxe4 31. Rg4 f5 32. Rxe4 fxe4 33. Nd2 b5
34. Nxe4 b4 0-1

[Event "Open Vitrolles 2019-2020"]
[Site "Vitrolles"]
[Date "2020.01.25"]
[Round "6.7"]
[White "Piquemal, Jean Christophe"]
[Black "Biard, Noah"]
[Result "0-1"]
[WhiteElo "1146"]
[BlackElo "1250"]
[PlyCount "72"]

1. d4 Nf6 2. Nf3 c5 3. d5 e6 4. Nc3 b6 5. Bg5 exd5 6. Nxd5 Be7 7. Nxe7 Qxe7 8.
e3 Bb7 9. Be2 Nc6 10. O-O O-O 11. c3 Ne5 12. Nxe5 Qxe5 13. Bf4 Qe6 14. f3 Nh5
15. Qd3 Rfe8 16. Rfe1 d5 17. Bf1 Rad8 18. b4 d4 19. Bg3 dxe3 20. Qb5 Rd2 21.
bxc5 e2 22. cxb6 Nxg3 23. hxg3 Qe3+ 24. Kh2 Re5 25. Qxe5 Qxe5 26. Rxe2 Rxe2 27.
Bxe2 Qxe2 28. bxa7 Bxf3 29. Rg1 Qd2 30. g4 Qd6+ 31. Kh3 Ba8 32. Re1 Qd7 33. a4
h6 34. Re5 Qd3+ 35. g3 Qf1+ 36. Kh4 Qh1# 0-1

[Event "Open Vitrolles 2019-2020"]
[Site "Vitrolles"]
[Date "2020.01.25"]
[Round "6.8"]
[White "Guisset, Andre"]
[Black "Bregier, Gerard"]
[Result "1-0"]
[WhiteElo "1447"]
[BlackElo "1403"]
[PlyCount "65"]

1. Nf3 c6 2. c4 d5 3. cxd5 cxd5 4. d4 Nf6 5. Nc3 a6 6. a4 Nc6 7. Bf4 Bf5 8. h3
e6 9. e3 Bb4 10. Bd3 Ne4 11. Bxe4 Bxe4 12. O-O Bxc3 13. bxc3 O-O 14. Nd2 Bg6
15. c4 Bd3 16. c5 Bxf1 17. Kxf1 Re8 18. Nf3 f6 19. Bd6 e5 20. Qb3 Qd7 21. a5
Qf7 22. Qb6 exd4 23. exd4 Re4 24. Bc7 Rc8 25. Bd6 Nxd4 26. Nxd4 Rxd4 27. c6 Rc4
28. cxb7 Rc1+ 29. Rxc1 Rxc1+ 30. Ke2 Qe6+ 31. Qe3 Rc2+ 32. Kd1 Qxd6 33. Qe8+
1-0

[Event "Open Vitrolles 2019-2020"]
[Site "Vitrolles"]
[Date "2020.01.25"]
[Round "6.9"]
[White "Cens, Alain"]
[Black "Midoux, Malicia"]
[Result "1-0"]
[WhiteElo "1423"]
[BlackElo "1109"]
[PlyCount "37"]

1. c4 e5 2. Nc3 Nc6 3. g3 Bc5 4. Bg2 d6 5. e3 a6 6. Nge2 f6 7. O-O Bd7 8. d4
Ba7 9. a3 a5 10. Rb1 b6 11. b4 h5 12. b5 Nce7 13. Bxa8 Qxa8 14. d5 h4 15. f4
hxg3 16. Nxg3 Nh6 17. fxe5 dxe5 18. e4 Ng6 19. Bxh6 1-0

[Event "Open Vitrolles 2019-2020"]
[Site "Vitrolles"]
[Date "2020.01.25"]
[Round "6.10"]
[White "Hamm, Rodrigue"]
[Black "Benoit-Lizon, Alain"]
[Result "0-1"]
[WhiteElo "1050"]
[BlackElo "1384"]
[PlyCount "74"]

1. e4 d6 2. d4 Nf6 3. Nc3 Nbd7 4. g4 h6 5. h3 e5 6. Nge2 Qe7 7. Bg2 Nb6 8. O-O
g5 9. b3 Bd7 10. Bb2 h5 11. dxe5 dxe5 12. f3 O-O-O 13. Qe1 hxg4 14. fxg4 Qe6
15. Qf2 Be7 16. Rad1 Rdf8 17. a4 Bc6 18. a5 Nbd7 19. Kh1 Bc5 20. Qf5 Nxg4 21.
Qxe6 fxe6 22. Rxf8+ Nxf8 23. Rf1 Ne3 24. Rc1 Ng6 25. Kh2 g4 26. Kg3 Nxg2 27.
Kxg2 gxh3+ 28. Kh2 Be3 29. Rd1 Nf4 30. Nxf4 Bxf4+ 31. Kh1 Be8 32. Ba3 Bh5 33.
Rd3 Bg4 34. Be7 c6 35. Na4 Be2 36. Rd6 Bf3+ 37. Kg1 h2+ 0-1

[Event "Open Vitrolles 2019-2020"]
[Site "Vitrolles"]
[Date "2020.01.25"]
[Round "6.11"]
[White "Cortes-Sobral, Maria"]
[Black "Mars, Florence"]
[Result "0-1"]
[WhiteElo "1010"]
[BlackElo "1247"]
[PlyCount "98"]

1. d3 c5 2. b3 Nc6 3. Bb2 Nf6 4. Nf3 g6 5. e3 Bg7 6. Nc3 O-O 7. Be2 d6 8. O-O
a6 9. a4 Be6 10. Ne4 Nxe4 11. Bxg7 Nxf2 12. Rxf2 Kxg7 13. Qb1 Qd7 14. Qb2+ Kg8
15. Ng5 f6 16. Ne4 Rf7 17. Nxf6+ Rxf6 18. Rxf6 exf6 19. Qxf6 Rf8 20. Qh4 Qg7
21. Rf1 Rxf1+ 22. Bxf1 Qf7 23. Qe1 Ne5 24. Be2 Qf5 25. e4 Qg5 26. g3 Qe3+ 27.
Qf2 Qxf2+ 28. Kxf2 Ng4+ 29. Bxg4 Bxg4 30. Ke3 Kf7 31. Kf4 Bd1 32. c4 Bxb3 33.
a5 Bc2 34. Ke3 Ke6 35. h4 Ke5 36. Kd2 Ba4 37. Ke2 Kd4 38. Kd2 Bd7 39. Ke2 Bg4+
40. Kd2 Bf3 41. e5 dxe5 42. Kc2 Ke3 43. Kc3 Kf2 44. d4 exd4+ 45. Kd3 Kxg3 46.
h5 gxh5 47. Kd2 h4 48. Ke1 h3 49. Kd2 h2 0-1

[Event "Open Vitrolles 2019-2020"]
[Site "Vitrolles"]
[Date "2020.01.25"]
[Round "6.12"]
[White "Bui, Kerian"]
[Black "Misene, Milan"]
[Result "0-1"]
[WhiteElo "1009"]
[BlackElo "1264"]
[PlyCount "94"]

1. e4 e5 2. Nf3 Nc6 3. Bc4 Bc5 4. O-O h6 5. Nc3 Nf6 6. Qe2 d6 7. h3 O-O 8. d3
Ne7 9. Be3 Bxe3 10. Qxe3 c6 11. Qd2 b5 12. Bb3 a6 13. a3 Qc7 14. Qe3 Bb7 15. d4
c5 16. dxc5 dxc5 17. Bd5 Nfxd5 18. exd5 Ng6 19. Rfd1 Rad8 20. b4 cxb4 21. axb4
f5 22. Rd2 e4 23. Nd4 Nf4 24. Nde2 Nxd5 25. Nxd5 Bxd5 26. Nf4 Bf7 27. Rxd8 Rxd8
28. Kh2 g5 29. Qg3 Qxf4 30. Qxf4 gxf4 31. Rxa6 Kg7 32. g4 fxg4 33. hxg4 Rd2 34.
Kg2 e3 35. Ra1 Rxf2+ 36. Kg1 f3 37. Rf1 Rxf1+ 38. Kxf1 Kf6 39. g5+ Kxg5 40. c3
Kf4 41. Ke1 f2+ 42. Ke2 Bc4+ 43. Kd1 f1=Q+ 44. Kc2 Qe2+ 45. Kc1 Qd2+ 46. Kb1 e2
47. Ka1 e1=R# 0-1

[Event "Open Vitrolles 2019-2020"]
[Site "Vitrolles"]
[Date "2020.01.25"]
[Round "6.13"]
[White "Rannou, Danielle"]
[Black "Besson, Catherine"]
[Result "0-1"]
[WhiteElo "1199"]
[BlackElo "1055"]
[PlyCount "120"]

1. d4 e6 2. e4 d5 3. e5 c5 4. Nf3 cxd4 5. Qxd4 Nc6 6. Bb5 Bd7 7. Bxc6 bxc6 8.
O-O Ne7 9. Nc3 Nf5 10. Qd3 c5 11. Bf4 Rb8 12. b3 Be7 13. Ne2 O-O 14. Rfc1 Bb5
15. Qd2 Nh4 16. Nxh4 Bxh4 17. Nc3 h6 18. g3 Be7 19. Nxb5 Rxb5 20. c4 dxc4 21.
Rxc4 Qxd2 22. Bxd2 Rd8 23. Be3 f6 24. f4 fxe5 25. fxe5 Rd3 26. Bf4 Bg5 27. Rac1
Bxf4 28. gxf4 Rb4 29. R1c2 Kf7 30. Kf2 Rxc4 31. Rxc4 Rd2+ 32. Kg3 Rxa2 33. Rxc5
a5 34. Rb5 Ra3 35. Kg4 a4 36. bxa4 Rxa4 37. Rb7+ Kg6 38. Re7 h5+ 39. Kg3 Kf5
40. Rf7+ Kg6 41. Rf8 Ra7 42. Kh4 Ra4 43. Kg3 Kh7 44. Kh4 g6 45. Rf6 Kh6 46. Kg3
Ra3+ 47. Kh4 Ra4 48. h3 Rb4 49. Rf8 g5+ 50. Kg3 Rb3+ 51. Kg2 gxf4 52. Rxf4 Re3
53. Rf6+ Kg5 54. Rxe6 Kf4 55. Re8 Rxe5 56. Rxe5 Kxe5 57. Kg3 Kf5 58. h4 Ke4 59.
Kg2 Kf4 60. Kh3 Kf3 0-1

[Event "Open Vitrolles 2019-2020"]
[Site "Vitrolles"]
[Date "2020.01.25"]
[Round "6.14"]
[White "Schoeni, Christine"]
[Black "Porte, Jacques"]
[Result "0-1"]
[WhiteElo "1199"]
[BlackElo "1217"]
[PlyCount "58"]

1. d4 Nf6 2. c4 g6 3. Nc3 c6 4. e3 d6 5. Nf3 Bg7 6. Be2 O-O 7. O-O Bg4 8. h3
Bd7 9. Rb1 Re8 10. e4 e6 11. d5 h6 12. a3 cxd5 13. cxd5 a6 14. Nh2 Nh7 15. Be3
f5 16. f3 f4 17. Bf2 Ng5 18. Ng4 Nh7 19. Nh2 Ng5 20. Kh1 h5 21. Bh4 Bf6 22. Qe1
Nh7 23. g3 g5 24. gxf4 gxh4 25. Rg1+ Kh8 26. f5 Rg8 27. Qd2 Bg5 28. Qe1 Be3 29.
Rxg8+ Kxg8 0-1

[Event "Open Vitrolles 2019-2020"]
[Site "Vitrolles"]
[Date "2020.02.08"]
[Round "7.1"]
[White "Chabaud, Philippe"]
[Black "Mezadourian, Nicolas"]
[Result "1/2-1/2"]
[WhiteElo "1475"]
[BlackElo "1526"]
[PlyCount "65"]

1. d4 Nf6 2. Bf4 d5 3. e3 e6 4. Nf3 c5 5. c3 Nc6 6. Be2 Bd6 7. Ne5 Qc7 8. Qa4
O-O 9. Nd3 Bxf4 10. Nxf4 e5 11. dxe5 Qxe5 12. Nd2 Bf5 13. Nf3 Qd6 14. O-O Rad8
15. Rad1 Rfe8 16. Bd3 Bg4 17. Be2 d4 18. cxd4 cxd4 19. Nxd4 Bxe2 20. Ndxe2 Qe5
21. Nc3 a6 22. h3 h6 23. Rfe1 Ne7 24. Qb3 Qc7 25. Nfd5 Nexd5 26. Nxd5 Nxd5 27.
Rxd5 Rxd5 28. Qxd5 Rd8 29. Qb3 Rd2 30. Rd1 Re2 31. Qd3 Rxb2 32. Rd2 Qc1+ 33.
Rd1 1/2-1/2

[Event "Open Vitrolles 2019-2020"]
[Site "Vitrolles"]
[Date "2020.02.08"]
[Round "7.2"]
[White "Briquet, Xavier"]
[Black "Scamaroni, Jean-Paul"]
[Result "1-0"]
[WhiteElo "1384"]
[BlackElo "1478"]
[PlyCount "57"]

1. e4 g6 2. d4 Bg7 3. Nf3 d6 4. Nc3 Nf6 5. Be3 O-O 6. Bc4 c6 7. O-O b5 8. Bd3
Bb7 9. e5 dxe5 10. Nxe5 b4 11. Ne4 Nxe4 12. Bxe4 f6 13. Nxg6 hxg6 14. Bxg6 Qd5
15. Qg4 f5 16. Qh4 Rf6 17. Bh5 f4 18. Bf3 Qf5 19. Bd2 a5 20. Rfe1 e6 21. Bg4
Qg6 22. Re5 Nd7 23. Rg5 Qxc2 24. Bxf4 Qxb2 25. Re1 Qxa2 26. Rxg7+ Kxg7 27. Qg5+
Kf7 28. Bh5+ Kf8 29. Bd6# 1-0